NBA Teams by Stadium Name - Statistics

General Stats
  • This quiz has been taken 581 times
    364 since last reset
  • The average score is 17 of 30
Answer Stats
Hint Answer % Correct
Madison Square Garden New York Knicks
92%
TD Garden Boston Celtics
86%
Crypto.com Arena Los Angeles Lakers
86%
Barclays Center Brooklyn Nets
80%
American Airlines Center Dallas Mavericks
66%
Chase Center Golden State Warriors
66%
Scotiabank Arena Toronto Raptors
66%
Intuit Dome Los Angeles Clippers
65%
United Center Chicago Bulls
64%
Little Caesars Arena Detroit Pistons
63%
Target Center Minnesota Timberwolves
63%
Capital One Arena Washington Wizards
59%
FedEx Forum Memphis Grizzlies
58%
Smoothie King Center New Orleans Pelicans
57%
Ball Arena Denver Nuggets
56%
Gainbridge Fieldhouse Indiana Pacers
56%
Toyota Center Houston Rockets
55%
Fiserv Forum Milwaukee Bucks
53%
Xfinity Mobile Center Philadelphia 76ers
50%
Delta Center Utah Jazz
47%
Golden 1 Center Sacramento Kings
46%
Moda Center Portland Trailblazers
44%
Kaseya Center Miami Heat
43%
State Farm Arena Atlanta Hawks
41%
Spectrum Center Charlotte Hornets
40%
Rocket Arena Cleveland Cavaliers
40%
Paycom Center Oklahoma City Thunder
40%
Kia Center Orlando Magic
40%
Mortgage Matchup Center Phoenix Suns
38%
Frost Bank Center San Antonio Spurs
38%
No matching quizzes found
Score Distribution
Percent of People with Each Score
Percentile by Number Answered
Your Score History
You have not taken this quiz since the last reset